| 000 | 00712nam a2200193 a 4500 | ||
|---|---|---|---|
| 005 | 20140412111306.0 | ||
| 008 | 000818s19uu xx 00 eng d | ||
| 020 | _a0-8037-1040-2 | ||
| 050 |
_aTR(PS E _bAm1 1991 |
||
| 100 | _aHoffman, Mary | ||
| 245 |
_aAmazing Grace / _cby Mary Hoffman; Caroline Binch. |
||
| 260 |
_aNew York : _bDial Books for Young Readers, _c1991. |
||
| 300 | _a1 v. (unp.) ; ill. | ||
| 520 | _aAlthough classmates say that she cannot play Peter Pan in the school play becuase she is black and a girl, Grace discovers that she can do anything she sets her ind to do. | ||
| 650 | _aAfro-American-Fiction | ||
| 650 | _aIdentity-Fiction | ||
| 650 | _aTheater-Fiction | ||
| 999 |
_c103680 _d103680 |
||